Familia y diversidad en América Latina: estudio de casos /
সংরক্ষণ করুন:
| প্রধান লেখক: | |
|---|---|
| অন্যান্য লেখক: | |
| বিন্যাস: | পাঠ্য |
| প্রকাশিত: |
Buenos Aires:
CLACSO
|
| বিষয়গুলি: | |
| ট্যাগগুলো: |
ট্যাগ যুক্ত করুন
কোনো ট্যাগ নেই, প্রথমজন হিসাবে ট্যাগ করুন!
|
MARC
| LEADER | 00000 a a2200000 04500 | ||
|---|---|---|---|
| 001 | 37106 | ||
| 003 | |||
| 040 | |||
| 020 | |a 978-987-1183-74-6 | ||
| 090 | |a 1004 R654f | ||
| 100 | |a Robichaux, David | ||
| 245 | |a Familia y diversidad en América Latina: estudio de casos / |c David Robichaux | ||
| 260 | |a Buenos Aires: |b CLACSO | ||
| 300 | |a 390 p. | ||
| 650 | |a NIÑEZ | ||
| 650 | |a ADOLESCENTES | ||
| 650 | |a FAMILIA | ||
| 650 | |a CUBA | ||
| 700 | |a comp. |a Gil Montero, Raquel |a Bastos Amigo, Santiago |a Díaz Tenorio, Mareelén |a Valdés Jiménez, Yohanka |a Durán Gondar, Alberta |a Davidson Pacheco, Luis Guillermo |a Mindek, Dubravka |a Magazine, Roger |a Sandoval Avila, Antonio |a Maureira Estrada, F | ||
| 999 | |c 10339 |d 10339 | ||



